| 000 | 00573nam a2200217Ia 4500 | ||
|---|---|---|---|
| 003 | OSt | ||
| 005 | 20230529092923.0 | ||
| 008 | 210423s2017 xx 000 0 und d | ||
| 020 | _a978-93-5084-885-2 | ||
| 040 | _cAL | ||
| 041 | _aeng | ||
| 082 | _a547.028 ARVA | ||
| 100 |
_aARVIND (Udai) _9115488 |
||
| 245 | _aAdvance practical organic chemistry | ||
| 260 |
_aNew Delhi _bCentrum Press _c2017 |
||
| 300 |
_aviii,280 _bHB |
||
| 365 |
_b1800 _cINR |
||
| 650 |
_aOrganic Chemistry _9115489 |
||
| 906 | _aAdvance ; chemistry ; organic ; practical | ||
| 942 |
_2ddc _cBK |
||
| 999 |
_c168239 _d168239 |
||